The refugee intellectual ; the Americanization of the immigrants of 1933-1941.

Bibliographic Details
Main Author: Kent, Donald Peterson
Format: Book
Language:English
Published: New York : Columbia University Press, 1953.
Subjects:

MARC

Tag First Indicator Second Indicator Subfields
LEADER 00000cam a2200000 4500
001 in00000058713
005 20151008050451.0
008 721003s1953 nyu b 00000 eng u
010 |a  53007600  
035 |a (OCoLC)00421738 
035 |9 AAG1211AM 
040 |c WSU  |d TXA  |d UtOrBLW 
049 |a TXAM  |c [218857] 
050 0 |a E184.A1  |b K4 1953 
092 |a 325.73  |b K37r 
100 1 |a Kent, Donald Peterson. 
245 1 4 |a The refugee intellectual ;  |b the Americanization of the immigrants of 1933-1941. 
264 1 |a New York :  |b Columbia University Press,  |c 1953. 
300 |a 317 pages 
336 |a text  |b txt  |2 rdacontent 
337 |a unmediated  |b n  |2 rdamedia 
338 |a volume  |b nc  |2 rdacarrier 
504 |a Bibliography: pages [303]-307. 
650 0 |a Intellectuals. 
650 0 |a Political refugees. 
650 0 |a Immigrants  |z United States. 
999 |a MARS 
999 f f |s ebd8f4fe-1cac-32b9-85a8-28bedb76397f  |i 9d76f737-69b4-3b8c-ba79-428c205cc3c5  |t 0 
952 f f |p ric  |a Texas A&M University  |b Rellis Campus  |c Joint Library Facility  |d Remote Storage  |t 0  |e E184.A1 K4 1953  |h Library of Congress classification  |i unmediated -- volume  |m A14800672155 
998 f f |a E184.A1 K4 1953  |t 0  |l Remote Storage